000 00551nam a2200181 4500
008 160808b xxu||||| |||| 00| 0 eng d
020 _a0772786100
050 _aHD 2731 .R47 2000
100 _aLogsdon, Jeanne M.
_d2000.
245 _aResearch in stakeholder theory.
250 _a1997-1998
260 _aCanada;
_bThe Clarkson centre for business ethics,
_c2000.
300 _a153 p.
650 _aResearch.
700 _aWood, Donna J.
700 _aBenson, Lee E.
942 _2ddc
_cBOOKS
_hHD 2731 .R47 2000
_02
999 _c12776
_d12776